|
|
|
|
| LEADER |
00968cam a2200241 7i4500 |
| 001 |
0000069137 |
| 005 |
20220617090000.0 |
| 020 |
|
|
|a 9780367515737 (hbk)
|
| 020 |
|
|
|a 9781003054504 (electronic book)
|
| 090 |
0 |
0 |
|a PN1992.92.A39
|b G45 2021
|
| 100 |
1 |
|
|a Ghanem, Yehia
|
| 245 |
1 |
0 |
|a Al Jazeera, freedom of the press, and forecasting humanitarian emergencies
|c Yehia Ghanem.
|
| 264 |
|
|
|a New York, NY:
|b Routledge, Taylor & Francis Group,
|c 2021.
|
| 300 |
|
|
|a 1 online resource (xiii, 109 pages):
|b text file, PDF.
|
| 336 |
|
|
|a text
|2 rdacontent
|
| 337 |
|
|
|a computer
|2 rdamedia
|
| 338 |
|
|
|a online resource
|2 rdacarrier
|
| 650 |
0 |
0 |
|a Al Jazeera (Television network)
|
| 650 |
0 |
0 |
|a Television broadcasting of news --
|z Middle East
|
| 655 |
0 |
0 |
|a Electronic books
|
| 856 |
4 |
2 |
|u http://library.unisel.edu.my/web/guest/mylibrary
|
| 997 |
|
|
|a Communication, Visual Art & Computing, Faculty
|b Communication, Department
|
| 999 |
|
|
|a EBO0013006
|b EBOOK
|c EBOOK
|e Electronic resources
|